| 000 | 00572nam a22002057a 4500 | ||
|---|---|---|---|
| 003 | OSt | ||
| 005 | 20161005181327.0 | ||
| 008 | 161005b xxu||||| |||| 00| 0 eng d | ||
| 020 | _a0443072876 | ||
| 040 | _cDNLM. | ||
| 082 | _aWL704W155p 2006. | ||
| 100 |
_aEdited by McMahon,BStephen; Koltzenburg ,Martin; _911145 |
||
| 245 | _aWall and Melzack's Textbook of Pain; | ||
| 250 | _a5th ed. | ||
| 260 |
_aLondon. _bElsevier Churchill. _c2006. |
||
| 300 |
_axviii,1239p; _bcol,ill; _c26 cm. |
||
| 504 | _aincludes index. | ||
| 650 |
_aBiology _95602 |
||
| 942 |
_2ddc _cO_SHELF |
||
| 999 |
_c5308 _d5308 |
||